000 00889nam a2200229 a 4500
001 55896
003 BD-RjUL
005 20211209080329.0
008 161122s1960 bg ||||| |||| 00| 0 ben d
035 _a(BD-RjUL)56020
040 _aBD-RjUL
_bben
_cBD-RjUL
041 _aben
082 _223
_a796.4
_bALD 1960
100 _aআলিম, কাজী আবদুল
_9166407
245 1 0 _aদৌড়, ঝাপ ও নিক্ষেপ /
_cকাজী আবদুল আলিম
260 _aঢাকা ;
_bমিসেস সেলিনা আলিম,
_c১৯৬০
300 _aখণ্ড. :
_bচিত্র ;
_c১৮৭ সেমি .
505 0 _aখণ্ড ২, ঝাপ ও নিক্ষেপ -- খণ্ড ১, দৌড় --
650 _aওজন নিক্ষেপ
_9166408
650 _aWeight Lifting
_9166409
942 _2ddc
_cBK
999 _c55896
_d55896